| 000 | 00587nam a22001937a 4500 | ||
|---|---|---|---|
| 999 |
_c195971 _d195971 |
||
| 005 | 20230515115128.0 | ||
| 010 | _aUR-11990 | ||
| 020 |
_a9788186346242 _c200.00 |
||
| 035 | _aU-10545 | ||
| 037 | _bDBAD/PUB | ||
| 082 | _a841 | ||
| 100 | _aآغا جانی کشمیری | ||
| 245 |
_aسحر ہونے تک / _cآغا جانی کشمیری |
||
| 246 |
_aSahr Hone Tak / _bby Aagha Jani Kashmiri |
||
| 260 |
_aKolkata _bInsha Publications _c2013 ء |
||
| 270 |
_a25B, Zakaria Street _bKolkata _e700073 |
||
| 300 |
_a287 ص _c19cm(Hb) |
||
| 942 |
_2ddc _cUR _h841 _mآ غ ا |
||